000 00366nam a2200145 i 4500
001 bg
100 1 _aSAMOJLOV, A. G.
245 0 _aDispersjonnye teplovydeljajuščie elementy jadernych reaktorov /
_cA.G. Samojlov.
250 _aWyd.2.
260 _aMoskva,
_c1969.
040 _cBPK
041 _apol
942 _cKS
008 s pl f |000 0 pol
999 _c12297
_d12297
856 _uhttp://koha.tu.koszalin.pl/cgi-bin/koha/opac-detail.pl?biblionumber=12297
_yKatalog online BPK